Catálogo
 En Linea

El misterio del espiritu del rio : (Registro nro. 12162)

Detalles MARC
000 -CABECERA
campo de control de longitud fija 01720nam a2200253 a 4500
001 - NÚMERO DE CONTROL
campo de control 000012507
003 - IDENTIFICADOR DEL NÚMERO DE CONTROL
campo de control DO-SdBNP
005 - FECHA Y HORA DE LA ÚLTIMA TRANSACCIÓN
campo de control 20240530073914.0
008 - DATOS DE LONGITUD FIJA--INFORMACIÓN GENERAL
campo de control de longitud fija 091113s2006 dr 000 f spa d
020 ## - NÚMERO INTERNACIONAL ESTÁNDAR DEL LIBRO
ISBN cancelado o inválido 994516032X
040 ## - FUENTE DE LA CATALOGACIÓN
Centro catalogador/agencia de origen DO-SdBNP
Lengua de catalogación spa
Centro/agencia transcriptor BNPHU
082 ## - NÚMERO DE LA CLASIFICACIÓN DECIMAL DEWEY
Número de clasificación RD863.44
Número de documento/Ítem J58m, 2006
100 1# - ENTRADA PRINCIPAL--NOMBRE DE PERSONA
Nombre de persona Jesús Ulireio, Luis Felipe de,
Fechas asociadas al nombre 1970-
9 (RLIN) 29224
245 13 - MENCIÓN DE TÍTULO
Título El misterio del espiritu del rio :
Resto del título (mitos, leyendas y la historia dominicana en una breve novela) /
Mención de responsabilidad, etc. Luis Felipe de Jesús Ulerio.
260 ## - PUBLICACIÓN, DISTRIBUCIÓN, ETC.
Lugar de publicación, distribución, etc. Santo Domingo :
Nombre del editor, distribuidor, etc. Búho,
Fecha de publicación, distribución, etc. 2006.
300 ## - DESCRIPCIÓN FÍSICA
Extensión 183 p. ;
Dimensiones 22 cm.
500 ## - NOTA GENERAL
Nota general La biblioteca posee la 2a. reimpresión del 2006
505 0# - NOTA DE CONTENIDO CON FORMATO
Nota de contenido con formato El naufragio -- Encuentro con el espíritu del río -- El bacá -- España en el siglo XV -- Lemba y Enriquillo -- La ciguapa -- La botija del difunto Antón -- El contrabando -- Las devastaciones de Osorio -- Los dos Santo Domingo -- La jupía -- El brujo -- El galipote -- Enrique, el galipote -- Mal de ojo -- Yo también estaba soñando -- La independencia haitiana -- Independencia efímera -- Juan Pablo Duarte -- La Trinitaria -- La Independencia Nacional -- La primera República -- La constitución de la República -- La anexión y la Restauración -- La segunda República -- Catalepsia -- Un pacto con el diablo -- Primera ocupación militar norteamericana -- Papá Liborio -- La dictadura de Trujillo -- Juan Bosch -- La masacre de Palma Sola -- Del Triunvirato a los doce años -- El misterio del espíritu del río -- El pacto con el espíritu del río.
590 ## - NOTA LOCAL (RLIN)
Nota local Inventariado, 2019/BT
650 #0 - PUNTO DE ACCESO ADICIONAL DE MATERIA--TÉRMINO DE MATERIA
Término de materia o nombre geográfico como elemento de entrada Novela dominicana
9 (RLIN) 223
650 #0 - PUNTO DE ACCESO ADICIONAL DE MATERIA--TÉRMINO DE MATERIA
Término de materia o nombre geográfico como elemento de entrada Literatura dominicana.
9 (RLIN) 67
910 ## - DATOS DE OPCIÓN DEL USUARIO (OCLC)
Datos de opción del usuario Validado. Control de calidad MMOLINA
942 ## - ELEMENTOS DE PUNTO DE ACCESO ADICIONAL (KOHA)
Fuente del sistema de clasificación o colocación Dewey Decimal Classification
Tipo de ítem Koha Libro
Existencias
Estado de retiro Estado de pérdida No para préstamo Código de colección Localización permanente Ubicación/localización actual Ubicación en estantería Fecha de adquisición Número de inventario Total de préstamos Signatura topográfica completa Código de barras Fecha visto por última vez Precio válido a partir de Tipo de ítem Koha
    Excluido de préstamo Patrimonio Dominicano Patrimonio Dominicano Patrimonio Dominicano Depósito 13.11.2009 LF1   RD863.44 J58m, 2006 12507-10 25.06.2020 25.06.2020 Libro y Folleto Colección Patrimonio Dominicano

Con tecnología Koha